LEADER 00870nam0-22003131--450- 001 990009128790403321 005 20091217110914.0 010 $a3525357346 035 $a000912879 035 $aFED01000912879 035 $a(Aleph)000912879FED01 035 $a000912879 100 $a20091217d1986----km-y0itay50------ba 101 0 $ager 102 $aDE 105 $ay-------001yy 200 1 $aMax Weber, der Historiker$fherausgegeben von Jurgen Kocka 210 $aGottingen$cVandenhoeck & Ruprecht$d1986 215 $a281 p.$d23 cm 225 1 $aKritische Studien zur Geschichtswissenschaft$v73 676 $a907.2024 700 1$aKocka,$bJürgen$0375269 801 0$aIT$bUNINA$gRICA$2UNIMARC 901 $aBK 912 $a990009128790403321 952 $aSDI-KS 416$b315$fSDI 959 $aSDI 996 $aMax Weber, der Historiker$9783732 997 $aUNINA LEADER 01103nam a22002771i 4500 001 991000105429707536 005 20031015141208.0 008 031111s1985 gw |||||||||||||||||ger 035 $ab12571167-39ule_inst 035 $aARCHE-060441$9ExL 040 $aDip.to Lingue$bita$cA.t.i. Arché s.c.r.l. Pandora Sicilia s.r.l. 082 04$a943.06 245 04$aDer Deutsche Vormärz :$btexte und dokumente /$chrsg. von Jost Hermand 260 $aStuttgart :$bReclam,$c1985 300 $a427 p. ;$c15 cm 440 0$aUniversal-Bibliothek ;$v8794 650 4$aVormärz$xStoria socio-politica$ySec. 19. 650 4$aScrittore tedeschi$xVormärz$xDocumenti 651 4$aGermania$xStoria sociale$ySec. 19. 700 1 $aHermand, Jost$eauthor$4http://id.loc.gov/vocabulary/relators/aut$0377143 907 $a.b12571167$b02-04-14$c13-11-03 912 $a991000105429707536 945 $aLE012 943.06 HER$g1$i2012000182615$lle012$o-$pE0.00$q-$rl$s- $t0$u0$v0$w0$x0$y.i13025545$z13-11-03 996 $aDeutsche Vormärz$91460123 997 $aUNISALENTO 998 $ale012$b13-11-03$cm$da $e-$fger$ggw $h4$i1 LEADER 03431 am 2200673 n 450 001 9910548295703321 005 20211015 010 $a2-7535-8536-9 024 7 $a10.4000/books.pur.144822 035 $a(CKB)4100000012657864 035 $a(FrMaCLE)OB-pur-144822 035 $a(oapen)https://directory.doabooks.org/handle/20.500.12854/86727 035 $a(PPN)261976613 035 $a(EXLCZ)994100000012657864 100 $a20220302j|||||||| ||| 0 101 0 $afre 135 $auu||||||m|||| 181 $ctxt$2rdacontent 182 $cc$2rdamedia 183 $acr$2rdacarrier 200 10$aQuand l?industrie proteste $eFondements moraux des (in)soumissions ouvrières /$fAmin Allal, Myriam Catusse, Montserrat Emperador Badimon 210 $aRennes $cPresses universitaires de Rennes$d2021 215 $a1 online resource (208 p.) 225 1 $aRes publica 311 $a2-7535-7440-5 330 $aDes grèves du secteur minier sud-africain violemment réprimées en 2012, à l?irruption du conflit Whirpool d?Amiens dans la campagne présidentielle française de 2017, en passant par les protestations dans des régions industrielles tunisiennes sous le régime de Ben Ali, les mondes de l?industrie qu?on pouvait croire moribonds s?invitent au c?ur de luttes politiques contemporaines. Cet ouvrage porte sur des conflits du travail face à la désindustralisation, la financiarisation et la prééminence d?autres luttes politiques. Les insoumissions ouvrières s?avèrent des postes d?observation de l?expression de citoyennetés inscrites dans des sociabilités locales et revendiquant, en deçà du Grand soir, des ordres moraux aux multiples registres. Confrontant certains combats emblématiques du passé à des luttes récentes, ce livre compare des révoltes contemporaines contre l?ordre renouvelé du capitalisme en Afrique du Sud, à la frontière équato-péruvienne, au Liban, en Tunisie, dans le Sud-Ouest français, ou le Sud jordanien, mais aussi dans le Doubs des années 70, et à Rennes en 1968. Les enjeux des conflits expriment des conditions spécifiques de rapports sociaux de sexe, d?autochtonie ou de résistances au productivisme et ses effets sur l?écologie locale. 606 $aPolitical Science 606 $apolitique 606 $aindustrie 606 $aouvrier 610 $apolitique 610 $aindustrie 610 $aouvrier 615 4$aPolitical Science 615 4$apolitique 615 4$aindustrie 615 4$aouvrier 700 $aAllal$b Amin$01282157 701 $aBarrières$b Sarah$01295398 701 $aBotiveau$b Raphaël$01066116 701 $aBuu-sao$b Doris$01295399 701 $aCatusse$b Myriam$0802367 701 $aDarras$b Éric$01285833 701 $aEmperador Badimon$b Montserrat$01295400 701 $aFioroni$b Claudie$0884388 701 $aGourgues$b Guillaume$01295401 701 $aRouger$b Audrey$01295402 701 $aRouxel$b Pierre$01291355 701 $aScala$b Michele$0744730 701 $aSelponi$b Yohan$01295403 701 $aSiméant-Germanos$b Johanna$01295404 701 $aAllal$b Amin$01282157 701 $aCatusse$b Myriam$0802367 701 $aEmperador Badimon$b Montserrat$01295405 801 0$bFR-FrMaCLE 906 $aBOOK 912 $a9910548295703321 996 $aQuand l?industrie proteste$93023420 997 $aUNINA